Online
Catalog

La Cultura en España y su Integración en Europa / (Record no. 42357)

MARC details
000 -CABECERA
campo de control de longitud fija 00718nam a2200193 a 4500
001 - NÚMERO DE CONTROL
campo de control 000042868
005 - FECHA Y HORA DE LA ÚLTIMA TRANSACCIÓN
campo de control 20201002040446.0
008 - DATOS DE LONGITUD FIJA--INFORMACIÓN GENERAL
campo de control de longitud fija 140211s1993 sp 000 0 spa d
020 ## - NÚMERO INTERNACIONAL ESTÁNDAR DEL LIBRO
Número Internacional Estándar del Libro 8474839408
040 ## - FUENTE DE LA CATALOGACIÓN
Centro catalogador/agencia de origen DO-SdBNP
Lengua de catalogación spa
Centro/agencia transcriptor BNPHU
082 ## - NÚMERO DE LA CLASIFICACIÓN DECIMAL DEWEY
Número de clasificación xxxx
Número de documento/Ítem xxxx
111 2# - ENTRADA PRINCIPAL--NOMBRE DE CONGRESO/REUNIÓN
Nombre de congreso/reunión o jurisdicción como elemento de entrada Reunión de la cultura en España y su integracionen Europa
Fecha del congreso/reunión ( 1 a 2 dic : 1992
Sede del congreso/Lugar de la reunión Madrid)
9 (RLIN) 70274
245 10 - MENCIÓN DE TÍTULO
Título La Cultura en España y su Integración en Europa /
Mención de responsabilidad, etc. presentación de Jordi Sole-Tura.
260 ## - PUBLICACIÓN, DISTRIBUCIÓN, ETC.
Lugar de publicación, distribución, etc. Madrid :
Nombre del editor, distribuidor, etc. Ministerio de Cultura,
-- Secretaría General Técnica,
Fecha de publicación, distribución, etc. 1993.
300 ## - DESCRIPCIÓN FÍSICA
Extensión 212 p. ;
Dimensiones 23 cm.
490 1# - MENCIÓN DE SERIE
Mención de serie Análisis y documentos
Designación de volumen o secuencia 2
700 12 - PUNTO DE ACCESO ADICIONAL--NOMBRE DE PERSONA
Nombre de persona Solé-Tura, Jordi.
9 (RLIN) 44602
830 #0 - PUNTO DE ACCESO ADICIONAL DE SERIE-TÍTULO UNIFORME
Título uniforme Análisis y documentos
Número de parte o sección de la obra 2
9 (RLIN) 70275
Holdings
Estado de retiro Estado de pérdida Restricciones de uso No para préstamo Código de colección Localización permanente Ubicación/localización actual Ubicación en estantería Fecha de adquisición Número de inventario Total de préstamos Signatura topográfica completa Código de barras Fecha visto por última vez Precio válido a partir de Tipo de ítem Koha
      Excluido de préstamo Monografías: Libros y Folletos General General En catalogación 11.02.2014 LF1   xxxx xxxx 42868-10 25.06.2020 25.06.2020 No se presta

Powered by Koha